<?xml version="1.0" encoding="UTF-8"?>
<record
    xmlns:xsi="http://www.w3.org/2001/XMLSchema-instance"
    xsi:schemaLocation="http://www.loc.gov/MARC21/slim http://www.loc.gov/standards/marcxml/schema/MARC21slim.xsd"
    xmlns="http://www.loc.gov/MARC21/slim">

  <leader>00828nam a22001697a 4500</leader>
  <controlfield tag="003">SGT</controlfield>
  <datafield tag="020" ind1=" " ind2=" ">
    <subfield code="a">9788121924566</subfield>
  </datafield>
  <datafield tag="082" ind1=" " ind2=" ">
    <subfield code="a">519.5, HAZ</subfield>
  </datafield>
  <datafield tag="100" ind1=" " ind2=" ">
    <subfield code="a">HAZARIKA, PADMALOCHAN</subfield>
  </datafield>
  <datafield tag="245" ind1=" " ind2=" ">
    <subfield code="a">A TEXTBOOK OF BUSINESS STATISTICS</subfield>
  </datafield>
  <datafield tag="250" ind1=" " ind2=" ">
    <subfield code="a">4TH</subfield>
  </datafield>
  <datafield tag="260" ind1=" " ind2=" ">
    <subfield code="a">NEW DELHI</subfield>
    <subfield code="b">S.CHAND</subfield>
    <subfield code="c">2014</subfield>
  </datafield>
  <datafield tag="300" ind1=" " ind2=" ">
    <subfield code="a">538</subfield>
  </datafield>
  <datafield tag="650" ind1=" " ind2=" ">
    <subfield code="a">PROBABILITIES &amp; APPLIED MATHEMATICS</subfield>
  </datafield>
  <datafield tag="653" ind1=" " ind2=" ">
    <subfield code="a">INTRODUCTION TO STATISTICS AND ANALYSIS OF UNIVARIATE DATA  ANALYSIS OF BI-VARIATE DATA: CORRELATION AND REGRESSION ANALYSIS,ASSOCIATION OF ATTRIBUTES,INTERPOLATION AND EXTRAPOLATION  INDEX NUMBERS AND ANALYSIS OF TIME SERIES  PROBABILITY, MATHEMATICAL EXPECTATION AND PROBABILITY DISTRIBUTIONS  STATISTICAL QUALITY CONTROL SAMPLING DISTRIBUTION,THEORY OF ESTIMATION,CONCEPTS OF TESTS OF HYPOTHESIS AND SIGNIFICANCE,BUSINES FORECASTING</subfield>
  </datafield>
  <datafield tag="942" ind1=" " ind2=" ">
    <subfield code="2">ddc</subfield>
    <subfield code="c">FCM</subfield>
    <subfield code="0">26</subfield>
  </datafield>
  <datafield tag="952" ind1=" " ind2=" ">
    <subfield code="0">1</subfield>
    <subfield code="1">0</subfield>
    <subfield code="2">ddc</subfield>
    <subfield code="4">0</subfield>
    <subfield code="7">0</subfield>
    <subfield code="a">SSSL</subfield>
    <subfield code="b">SSSL</subfield>
    <subfield code="c">DISPLAY</subfield>
    <subfield code="d">2016-05-31</subfield>
    <subfield code="e">SPARCH BOOK </subfield>
    <subfield code="g">295.00</subfield>
    <subfield code="i">SGTU</subfield>
    <subfield code="o">519.5, HAZ</subfield>
    <subfield code="p">CM480</subfield>
    <subfield code="r">2016-05-31 00:00:00</subfield>
    <subfield code="w">2014-11-25</subfield>
    <subfield code="y">FCM</subfield>
    <subfield code="k">1291</subfield>
  </datafield>
  <datafield tag="952" ind1=" " ind2=" ">
    <subfield code="0">0</subfield>
    <subfield code="1">0</subfield>
    <subfield code="2">ddc</subfield>
    <subfield code="4">0</subfield>
    <subfield code="7">0</subfield>
    <subfield code="a">SSSL</subfield>
    <subfield code="b">SSSL</subfield>
    <subfield code="c">DISPLAY</subfield>
    <subfield code="d">2016-05-31</subfield>
    <subfield code="e">SPARCH BOOK </subfield>
    <subfield code="g">295.00</subfield>
    <subfield code="i">SGTU</subfield>
    <subfield code="l">54</subfield>
    <subfield code="m">3</subfield>
    <subfield code="o">519.5, HAZ</subfield>
    <subfield code="p">CM481</subfield>
    <subfield code="r">2025-01-15 00:00:00</subfield>
    <subfield code="s">2025-01-07</subfield>
    <subfield code="w">2014-11-25</subfield>
    <subfield code="y">FCM</subfield>
    <subfield code="k">1291</subfield>
  </datafield>
  <datafield tag="999" ind1=" " ind2=" ">
    <subfield code="c">8860</subfield>
    <subfield code="d">8860</subfield>
  </datafield>
</record>
